000 00317nam a2200121Ia 4500
008 201214s9999 xx 000 0 und d
100 _aRachlin, Robert and Stockton, Richard B.
245 0 _aManaging Cash Flow and Capital During Inflation
260 _aNew York
260 _bHamilton
260 _c1979
942 _cBK
999 _c5874
_d5874